00862nam a22002777a 4500003000900000005001700009008004100026040001800067041001300085050003000098100004000128240002500168245007600193264003300269300002500302336002200327337002400349338002400373500003500397650002800432650004100460650002700501655002500528942001400553999001700567MX-MxINE20260601171012.0260420b2011\\\\NYUa||||\||||\00|\0\eng\d aICIbspacICI aenghpor aPQ9698.13.O35bA7618 2014 aCoelho, Paulo,d1947-eautor933253 aAlquimistalInglés aThe Big Book of PackagingcPaulo Coelho ; translated by Alan R. Clarke. aNew York :bHarperOne,c2014 a383 páginasc21 cm 2rdacontentatexto 2rdamediaasin medio 2rdacarrieravolumen aTraducción de: O Alquimista. aAlquimiavNovela933254 aBúsqueda espiritualvNovela933255 aDestinovNovela933256 2localaNovela933257 2lccn0cB c20537d20537